Statistiques concernant Les plus gros transferts de Ligue 1 (2023-2024=

Cliquez ici pour prendre le quiz!

Statistiques générales

  • Ce quiz a été pris 147 fois
  • Le résultat moyen est 16 sur 24

Statistiques - réponses

Club de départClub d'arrivéeNationaliteRéponse% Correct
Olympique LyonnaisParis SGFranceBradley Barcola
99%
Eintracht FrankfurtParis SGFranceRandal Kolo Muani
99%
Sporting CPParis SGUruguayManuel Ugarte
98%
FC BarceloneParis SGFranceOusmane Dembélé
98%
RCD MallorcaParis SGCorée du SudKang In Lee
94%
Montpellier HSCRC LensFranceElye Wahi
90%
ArsenalAS MonacoEtats-UnisFolarin Balogun
89%
Bayern MunichParis SGFranceLucas Hernandez
89%
WatfordOlympique de MarseilleSénégalIsmaila Sarr
83%
Atletico MadridOlympique de MarseilleBrésilRenan Lodi
83%
FC NantesStade RennaisFranceLudovic Blas
80%
Sheffield UTDOlympique de MarseilleSénégalIlliman N'Diaye
78%
JuventusAS MonacoSuisseDenis Zakaria
72%
FC LorientStade RennaisFranceEnzo Le Fee
69%
AtalantaOGC NiceCôte d'IvoireJérémie Boga
58%
FC BâleRC LensFranceAndy DIouf
54%
NorsdjaellandOlympique LyonnaisGhanaErnest Nuamah
53%
LASKStade de ReimsJaponKeito Nakamura
44%
SouthamptonAS MonacoGhanaMohamed Salisu
42%
Ajax AmsterdamStade de ReimsDanemarkMohamed Daramy
31%
BSC Young BoysStade RennaisSuisseFabian Rieder
24%
Club Bruges KVRC Strasbourg AlsaceCôte d'IvoireAbakar Sylla
18%
Sturm GrazRC Strasbourg AlsacePays-BasEmanuel Emegha
17%
KAA La GantoiseStade de ReimsKenyaJoseph Okumu
10%

Distribution des résultats

Percentile par nombre de réponses

% des personnes avec chaque résultat

Votre développement - résultats

Vous n’avez pas pris ce quiz